000 nam a22 a 4500
999 _c430952
_d430952
003 BLK
005 20210902131817.0
008 180408b bul|||||r ||||||| ||bul||
040 _aBLK
041 _aFRE
_cFRE
080 _aОбща световна история. История на света
_b94(100)
_z94(100)
100 _91299
_aDuruy, Victor
_eпърви автор
139 _aDuruy, Victor
245 1 0 _aHistoire Universelle
_cVictor Duruy
_nТ. 1
_pHistoire du Moyen-Age/ Depuis la chute de l'Empire d'Occident jusqu'au milieu du XVe siecle
250 _a3 ed.
257 _aFRA
260 _aParis
_bLibr. Hachette
_c1866
_9215648
300 _c19 cm
380 _a9
490 _aКолекция Редки и ценни издания
_9435080
650 0 _9261939
_aИстория, световна
653 7 _9197227
_aСредновековие
760 _aDuruy, Victor
_b1866, Paris
_h591 с., с ил.
_oT. 1 Histoire du Moyen-Age/ Depuis la chute de l'Empire d'Occident jusqu'au milieu du XVe siecle
_tHistoire Universelle
852 _aРф 866
_bРц
856 4 _qpdf
856 4 _qpdf
942 _cKNG
_n0
_s1
944 _aCR
_c2021-09-02
_kК.Д.